000 00311 a2200109 4500
020 _a0827368690
082 _a624.15136 ROB
100 _aRoberts, Jack,
245 _aUnderstanding soil mechanics /
_cJack Roberts.
260 _aAlbany, N.Y. :
_bDelmar Publishers,
_c1996.
300 _axi, 255 p. :
_bill. ;
_c25 cm.
650 _aSoil mechanics.
999 _c1128
_d1128